| 000 | 01252cam a2200277 i 4500 | ||
|---|---|---|---|
| 001 | 849114 | ||
| 005 | 20260410092946.0 | ||
| 008 | 780912s1979 gau b 000 0 eng | ||
| 010 | _a 78052445 | ||
| 020 |
_a0804205884 : _c$4.95 |
||
| 035 | _a849114 | ||
| 040 |
_aDLC _cDLC _dDLC |
||
| 100 | 1 |
_aHolmgren, Fredrick Carlson, _d1926- |
|
| 245 | 1 | 4 |
_aThe God who cares : _ba Christian looks at Judaism / _cby Fredrick Holmgren. |
| 260 |
_aAtlanta : _bJohn Knox Press, _cc1979. |
||
| 300 |
_a144 p. ; _c21 cm. |
||
| 336 |
_atext _btxt _2rdacontent |
||
| 337 |
_aunmediated _bn _2rdamedia |
||
| 338 |
_avolume _bnc _2rdacarrier |
||
| 504 | _aIncludes bibliographies. | ||
| 505 | 0 | _aIntroduction : a new era for Jews and Christians -- Past Jewish-Christian relationships -- Old Testament law, a divine gift -- The righteous mercy of God in the Old Testament -- Sacrifice, a symbol of inner commitment -- The early literature of Judaism -- Jewish teaching on the law -- Jewish teaching on the love of God -- The Pharisees and Jesus -- The character of modern Judaism -- A Christian approach to Judaism. | |
| 650 | 0 | _aJudaism. | |
| 650 | 0 |
_aChristianity and other religions _xJudaism. |
|
| 650 | 0 |
_aJudaism _xRelations _xChristianity. |
|
| 942 |
_2lcc _cBK |
||
| 999 |
_c55569 _d55569 |
||